| 000 | 01113nam a2200229Ia 4500 | ||
|---|---|---|---|
| 003 | Ost | ||
| 005 | 20260507075457.0 | ||
| 008 | 260507s9999||||xx |||||||||||||| ||und|| | ||
| 020 | _a9789957116989 | ||
| 040 | _cfsecg | ||
| 041 | _aara | ||
| 082 | _a332.10688 | ||
| 100 |
_aابوتايه، صباح محمد _eمؤلف |
||
| 245 | 0 |
_aالتسويق المصرفي / _c صباح محمد ابوتايه |
|
| 260 |
_aعمان: _bدار وائل للنشر, _c2008 |
||
| 300 |
_a214 صفحة؛ _bإيضاحات ؛ _c24 سم |
||
| 504 | _aبيبليوغرافيا ص.210 | ||
| 520 | _aالتسويق المصرفي بين النظرية والتطبيق/اساسيا العملية التسويقية/الخدمة المصرفية /مكونات العملية التسويقية المصرفية/أساسيات التعامل مع العملاء/أسس الرقابة المصرفية على النشاط التسويقي /CRM/إدارة علاقات العملاء | ||
| 653 | _aالتسويق ، الخدمات المصرفية | ||
| 653 | _aالمصارف البنوك - تسويق | ||
| 942 | _cكتاب | ||
| 999 |
_c44676 _d44676 |
||